Education canine S1 - Statistiques

Statistiques générales
  • Ce quiz a été pris 20 fois
  • Le résultat moyen est 44 sur 45
Statistiques - réponses
Question Réponse % Correct
Pourquoi certains chiens développent-ils une anxiété de séparation ? À cause d’un hyper-attachement à leur maître
100%
Comment un chien exprime-t-il son mal-être ? Agressivité, léchage excessif, destruction, vocalisations
100%
Quels sont les signes d’un chien souffrant de troubles du comportement ? Agressivité, peur excessive, destruction, hyperactivité
100%
Quels sont les besoins fondamentaux d’un chien ? Alimentation équilibrée, exercice, stimulation mentale et interactions sociales
100%
Pourquoi certains chiens développent-ils un comportement destructeur ? Anxiété, ennui, manque d’exercice, stress
100%
Quels sont les signes de stress chez un chien ? Bâillements excessifs, léchage de truffe, posture crispée
100%
Quel est l’impact de l’anthropomorphisme sur la relation humain-chien ? Cela peut causer des incompréhensions et des troubles comportementaux
100%
Comment structurer une bonne séance d’éducation canine ? Courte, motivante, avec des récompenses adaptées et de la patience
100%
Pourquoi les balades sont-elles essentielles pour l’équilibre du chien ? Elles lui permettent d’explorer, de socialiser et de se dépenser
100%
Pourquoi les balades sont-elles essentielles pour l’équilibre du chien ? Elles permettent l’exercice, la découverte et la socialisation
100%
Comment un chien apprend-il à inhiber sa morsure ? Grâce aux interactions avec sa mère et ses congénères
100%
Comment aider un chien à gérer la solitude ? Habituer progressivement, lui donner des occupations, éviter les départs stressants
100%
Quels sont les impacts d’une mauvaise alimentation sur le comportement du chien ? Hyperactivité, fatigue, troubles digestifs, agressivité
100%
Quels sont les avantages du renforcement positif dans l’éducation canine ? Il favorise un apprentissage durable et une relation de confiance
100%
Quels sont les facteurs qui influencent l’attachement d’un chien à son maître ? Interactions positives, cohérence, confiance, temps passé ensemble
100%
Quels sont les principaux moyens de communication utilisés par le chien ? Les signaux corporels, les vocalises et les odeurs
100%
Comment éviter que son chien ne tire en laisse ? Lui apprendre à marcher au pied progressivement avec des récompenses
100%
Comment aider un chien à gérer la solitude ? Lui apprendre progressivement, lui fournir des jouets et des occupations
100%
Pourquoi certains chiens aboient-ils excessivement ? Manque d’exercice, stress, anxiété, ennui
100%
Comment détecter et prévenir un trouble du comportement chez un chien ? Observer ses réactions, consulter un éducateur canin, adapter son environnement
100%
Comment s’organise une meute de chiens dans la nature ? Par une hiérarchie bien définie avec des rôles précis
100%
Comment renforcer la confiance d’un chien envers son maître ? Patience, encouragements, absence de brutalité et cohérence
100%
Quels sont les risques encourus par un chiot mal socialisé ? Peur excessive, anxiété, agressivité
100%
Comment identifier un chien stressé en promenade ? Posture tendue, halètements excessifs, évitement, queue basse
100%
Pourquoi est-il important de socialiser un chiot ? Pour éviter les troubles du comportement
100%
Pourquoi est-il déconseillé de répondre systématiquement aux demandes d’attention d’un chien ? Pour éviter qu’il ne devienne trop dépendant
100%
Pourquoi le rappel est-il un ordre essentiel dans l’éducation canine ? Pour garantir la sécurité du chien et une meilleure maîtrise en extérieur
100%
Pourquoi un chien détourne-t-il le regard lorsqu’un autre chien approche ? Pour montrer un signal d’apaisement
100%
Pourquoi est-il important de fixer des règles claires pour un chien ? Pour qu’il comprenne ce qui est autorisé ou interdit et évite le stress
100%
Pourquoi un chien peut-il refuser de manger ? Stress, douleur, changement d’environnement
100%
Pourquoi un chien peut-il refuser d’obéir à un ordre qu’il connaît ? Stress, manque de motivation, douleur, environnement perturbant
100%
Qu’est-ce qu’un chien ? Un animal social et sociable
100%
Quels sont les éléments clés pour bien accueillir un chiot dans une famille ? Un espace sécurisé, des règles claires, des interactions positives
100%
Comment un chien perçoit-il la notion de punition ? Comme une conséquence immédiate et claire, uniquement si bien appliquée
93%
Quelle est la période sensible de socialisation chez le chiot ? De 3 à 16 semaines
93%
Comment un chien exprime-t-il une menace envers un autre chien ? En grognant et hérissant ses poils
93%
Comment éviter que son chien ne devienne trop possessif envers son maître ? Lui apprendre à être indépendant, ne pas répondre à toutes ses demandes
93%
Pourquoi un chien peut-il refuser de manger ? Stress, douleur, changement d’environnement
93%
Quelle est la différence entre un chien social et un chien sociable ? Un chien social vit en groupe, un chien sociable interagit avec d’autres espèces
93%
Comment un chien perçoit-il son environnement familial ? Comme un groupe social structuré
86%
Pourquoi dit-on que le chien est une éponge émotionnelle ? Il perçoit et réagit aux émotions de son maître
86%
Quelle est l’importance des rituels quotidiens dans la relation humain-chien ? Ils rassurent le chien et lui donnent des repères stables
86%
Quelles sont les erreurs à éviter dans l’éducation d’un chien ? Incohérence des règles, absence de socialisation, absence de stimulation mentale
86%
Quelle est la différence entre éduquer et dresser un chien ? L’éducation vise à l’intégrer dans la société, le dressage apprend des ordres précis
86%
Que signifie la notion de gestion des ressources dans une meute ? Le chien dominant contrôle l’accès aux ressources
79%
Aucun quiz correspondant
Distribution des résultats
% des personnes avec chaque résultat
Percentile par nombre de réponses
Votre historique - résultats
Vous n’avez pas pris ce quiz